MANAGING BUSINESS WITH SAP PLANNING IMPL (Record no. 16401)
[ view plain ]
| 000 -LEADER | |
|---|---|
| fixed length control field | 00354nam a2200133Ia 4500 |
| 008 - FIXED-LENGTH DATA ELEMENTS--GENERAL INFORMATION | |
| fixed length control field | 240624s9999 xx 000 0 und d |
| 041 ## - LANGUAGE CODE | |
| Language code of text/sound track or separate title | eng |
| 082 ## - DEWEY DECIMAL CLASSIFICATION NUMBER | |
| Classification number | 658.05 LAU |
| 100 ## - MAIN ENTRY--PERSONAL NAME | |
| Personal name | LAU LINDA |
| 245 ## - TITLE STATEMENT | |
| Title | MANAGING BUSINESS WITH SAP PLANNING IMPL |
| 260 ## - PUBLICATION, DISTRIBUTION, ETC. | |
| Date of publication, distribution, etc. | 2005 |
| Place of publication, distribution, etc. | London |
| Name of publisher, distributor, etc. | Idea Group Publishing |
| 300 ## - PHYSICAL DESCRIPTION | |
| Extent | xii, : 330 : p. : cm. ; 25 |
| 365 ## - TRADE PRICE | |
| Currency code | |
| Price amount | 30 |
| Withdrawn status | Lost status | Damaged status | Not for loan | Home library | Current library | Shelving location | Date acquired | Source of acquisition | Cost, normal purchase price | Full call number | Barcode | Date last seen | Copy number | Price effective from | Koha item type |
|---|---|---|---|---|---|---|---|---|---|---|---|---|---|---|---|
| IMTN | IMTN | Rack 20-B | 01/05/2011 | BB | 74.95 | 658.05 LAU | 16401 | 06/24/2024 | 47.4 | 06/24/2024 | Books |